000 00360nam a22001337a 4500
020 _a9787513817394
082 _a915.1035 SIN
100 _aSinolingua
245 _aChina Close-up : a very Chinese China
_cSinolingua
260 _aBeijing
_bSinolingua
_c2019
300 _a145p; CD
942 _2ddc
_cBK
999 _c587855
_d587855